000 00722nam a22002777a 4500
001 BR7704600
003 BR-BrBNA
005 20230928085407.0
007 ta
008 230509b bl.||||| |||| 00| 0 por d
040 _aBR-BrBNA
_bpor
_cBiblioteca Nacional de Agricultura
041 _a(Por)
072 _aL20
_b8891
090 _ 8891 BR7704600
100 1 _aBroom, D.
245 1 _aO Mundo Maravilhoso das Aves
260 3 _aRio de Janeiro, RJ (Brasil):
_bLivro Tecnico,
_c1977.
300 _a96 p.
650 _aAVE SELVAGEM
650 _aDISTRIBUICAO GEOGRAFICA
650 _aMIGRACAO ANIMAL
650 _aALIMENTACAO
650 _aACASALAMENTO
909 _a202309
_bLucia
_c55
_dLucia Elande
942 _cBK
999 _c24198
_d24198